Normal view
MARC view
Entry Personal Name
001 - CONTROL NUMBER
- control field: 45751
003 - CONTROL NUMBER IDENTIFIER
- control field: dpl
005 - DATE AND TIME OF LATEST TRANSACTION
- control field: 20120425153728.0
008 - FIXED-LENGTH DATA ELEMENTS
- fixed length control field: 120425|||a|||||| | ||| d
040 ## - CATALOGING SOURCE
- Original cataloging agency: dpl
- Transcribing agency: dpl
100 ## - HEADING--PERSONAL NAME
- Personal name: Ohri, V.K.
670 ## - SOURCE DATA FOUND
- Source citation: Work cat.: (dpl): Jain, T.R. 45750, Elementary statistics /, 2004
670 ## - SOURCE DATA FOUND
- Source citation: Work cat.: (dpl): Jain, T.R. 45750, Elementary statistics /, 2004
